000
00326nam a22001337a 4500
008
181031b xxu||||| |||| 00| 0 eng d
020
_a
0071410384
041
_a
eng
080
_a
330.322
100
_a
51
101
_a
INV
245
_a
Edgar: The Investor's Guide to Making Better Investments
_c
Walden,G
942
_2
udc
_c
BK
999
_c
51284
_d
51284